LDR 00701nam a2200205 i 4500 001 000000227431 003 CaOOAMICUS 005 20260310115203.0 008 140225s1931 it u000 u ita u 013 $a206333 040 $aSeMil$bita 245 10$aVol. 1. 264 1$aSale Tortonese :$bErmite,$c1931. 300 $a246 p. ;$c16 cm 773 0 $tLettere di s. Paolo di Tarso.$d[Milano] : Ermite, 1931-1932.$w()29487 850 $aSeMil 852 $aSeMil$W1$xVenegono$y1$m2VA I 62$j268203$B177777$CSeMilBibl$Z2$F188626 $81 996 $6245$aVol. 1$9(OLS)http://semarc/title/13429 996 $6264$aSale Tortonese :$bErmite$9(OLS)http://semarc/publisher/38408